000
00352nam a2200145Ia 4500
008
210716s2005 xx 000 0 und d
020
_a
8178294958
041
_a
eng
082
_a
338.0954 SARD
100
_a
sarkar, Debashis.
245
_a
India business quiz book.
260
_a
New Delhi
_b
Response Books
_c
2005
300
_a
158
650
_a
Quiz
999
_c
203455
_d
203455